000 00998nam a2200253Ia 4500
003 OSt
005 20220923220717.0
006 a|||||r|||| 00| 0
007 ta
008 220922b |||||||| |||| 00| 0 hin d
024 _a189,490
037 _cTextual
040 _aARTS
_cARTS
_bhin
041 _2hin
_ahin
082 _aO152,2N27:g, K0
100 _aदीक्षित, विश्व प्रकाश, बटुक
245 0 _aनाटककार हरिकृष्ण प्रेमी व्यक्तित्व और कृतित्व
246 _aNāṭakakār harikṛuṣhṇa premī vyaktitva aur kṛutitva
260 _aदिल्ली
_b बंसल एण्ड कम्पनी
_c1960
300 _a221पृ.
_ccm.
650 _aहिन्दी साहित्य
_9156264
942 _hO152,2N27:g, K0
_cTEXL
_2CC
999 _c342333
_d342333